| 000 | 00573nam a22002177a 4500 | ||
|---|---|---|---|
| 005 | 20170209150923.0 | ||
| 008 | 170209b xxu||||| |||| 00| 0 eng d | ||
| 020 |
_a9781138695481 _c695 |
||
| 040 | _beng | ||
| 041 | _aEnglish | ||
| 082 |
_a821.91 _bELI-TAM |
||
| 100 | _aTamplin, Ronald | ||
| 245 |
_aA preface to T. S. Eliot _cRonald Tamplin |
||
| 260 |
_aLondon and New York _bRoutledge _c1914 |
||
| 300 |
_axii,195p _b23 cm |
||
| 504 | _aIncludes index | ||
| 600 |
_aEliot, T.S. (Thomas Stearns) _d1888-1965 |
||
| 650 | _aPoetry | ||
| 850 | _aLCLIB | ||
| 942 | _cBK | ||
| 999 |
_c40887 _d91366 |
||